00963nam a22001337a 4500003000900000005001700009008004100026040001300067245004600080250001100126260003200137300001800169520064200187IT-RoPau20220918175943.0130307b xxu||||| |||| 00| 0 eng d cIT-RoPau aIter de Formation pour la Région Zaire. a1° ed aKinshasa (Zaire)bSSPc1996 a51 pp.c30 cm aTable de Matières Présentation Table de Abréviations 1. L' identité paulinienne 2. Principes et objectifs de la formation 3. Organisation et structures a) Le Coordinateur et son Conseil b) Le formateur paulinien et l' équipe de formation c) Le formateur: qualités et préparation d) Le maisons de formation 4. Les étapes de la formation a. La Pastorale de vocations - La Premiére Promotion - L' anneé Propédeutique b. L' aspirantat c. Le Postulat d. Le Noviciat e. Le Juniorat - 1 ère étape - Le Graduat - 2 ème étape - L' anneé d stage - 3 ème étape - La spécialisation f. La formation permanente